| 000 | 01886nam a22003137a 4500 | ||
|---|---|---|---|
| 005 | 20100812130240.0 | ||
| 010 | _aENG-99980 B-453824-828 | ||
| 020 |
_a8125035478 _c595.00 |
||
| 020 |
_a9788125035473 _c595.00 |
||
| 035 | _aEN-83512 B-453824-828 | ||
| 037 | _bDBAD/PUB | ||
| 037 | _bRBC/Ven | ||
| 082 | _a880.9 | ||
| 100 |
_aRaveendran, P. P. _942865 |
||
| 245 |
_aText histories geographies : _breading Indian literature / _cby P. P. Raveendran |
||
| 260 |
_aChennai _bOrient Blackswan _c2009 |
||
| 270 |
_a3-6-752, Himayatnagar _bHyderabad _e500029 |
||
| 300 |
_aviii,252p. _c22cm (Hb) |
||
| 500 | _aIncludes bibliographical references and index | ||
| 650 |
_aIndic literature _942866 |
||
| 942 |
_2ddc _cEN _h880.9 _mRAV |
||
| 999 |
_c41332 _d41332 |
||